| 000 | 00563nam a2200157 a 4500 | ||
|---|---|---|---|
| 001 | 000023978 | ||
| 005 | 20200930022621.0 | ||
| 008 | 110118s1996 dr a 000 0 spa d | ||
| 040 |
_aDO-SdBNP _bspa _cBNPHU |
||
| 082 |
_axxx _bC396c |
||
| 245 | 0 | 0 |
_aCenso de centros educativos primarios del Distrito Nacional. : _bEDUCA-CESDEM 1995. |
| 260 |
_aSanto Domingo : _bAcción para la Educación Básica (EDUCA) ; _bCentro de Estudios Sociales y Demográficos (CESDEM), _c1996. |
||
| 300 |
_a47 P. : _bgraf.. ; _c28 cm. |
||
| 500 | _aBibliografía : P. 47 | ||
| 049 | _aBNPD | ||
| 999 |
_c23473 _d23473 |
||